[Event "Hastings Hybrid KO/Open"]
[Site "Hastings"]
[Date "2004.12.31"]
[Round "4"]
[White "Houska, Jovanka"]
[Black "Fraser, Joe P"]
[Result "1-0"]
[WhiteElo "2298"]
[BlackElo "1897"]
[PlyCount "97"]
[EventDate "2004.12.28"]
[EventType "swiss"]
[EventCountry "ENG"]

1. e4 c5 2. Nc3 Nc6 3. g3 g6 4. Bg2 Bg7 5. d3 d6 6. Be3 e5 7. Qd2 f5 8. exf5
Bxf5 9. Nge2 Nf6 10. O-O O-O 11. Ne4 Qd7 12. Bh6 Nd4 13. Bxg7 Kxg7 14. c3 Ne6
15. Nxf6 Rxf6 16. d4 Qb5 17. a4 Qa6 18. dxe5 dxe5 19. Qe3 e4 20. Rfd1 Rd8 21.
Rxd8 Nxd8 22. Nf4 Qc4 23. Bf1 Qb3 24. Qd2 Nf7 25. Ra3 Qb6 26. Nd5 Rd6 27. c4
Qd8 28. Qc3+ Kg8 29. Rb3 b6 30. a5 Ng5 31. axb6 axb6 32. Ra3 Nf3+ 33. Kh1 Nd4
34. Ra7 Bg4 35. Qe3 Qf8 36. Bg2 Bf3 37. h4 Bxg2+ 38. Kxg2 Qf3+ 39. Kh2 Qxe3 40.
fxe3 Nf3+ 41. Kh3 Nd2 42. b3 Nxb3 43. Kg4 h6 44. h5 Nd2 45. Ne7+ Kh8 46. hxg6
Re6 47. Kh5 Nxc4 48. Nf5 Ne5 49. g7+ {Source: L John Cannon. Contributed by
Brian Denman, 21 February 2022} 1-0

[Event "Hastings Hybrid KO/Open"]
[Site "Hastings"]
[Date "2004.12.31"]
[Round "4"]
[White "Pavlovic, Milos"]
[Black "Wu, Li"]
[Result "1/2-1/2"]
[WhiteElo "2481"]
[BlackElo "2236"]
[PlyCount "41"]
[EventDate "2004.12.28"]
[EventType "swiss"]
[EventCountry "ENG"]
[SourceTitle "BCM-0004"]
[Source "bcmchess.co.uk"]
[SourceDate "2005.02.07"]
[SourceVersion "1"]
[SourceVersionDate "2005.02.07"]
[SourceQuality "2"]

1. Nf3 Nf6 2. c4 g6 3. Nc3 Bg7 4. d4 O-O 5. e4 d6 6. Be2 Bg4 7. Be3 Nfd7 8. O-O
Nc6 9. d5 Bxf3 10. Bxf3 Na5 11. Be2 Bxc3 12. bxc3 e6 13. dxe6 fxe6 14. Bh6 Rf7
15. f4 Nc6 16. Qd3 Qe7 17. Qh3 Re8 18. Bg5 Qf8 19. Bh6 Qe7 20. Bg5 Qf8 21. Bh6
1/2-1/2

[Event "Hastings Hybrid KO/Open"]
[Site "Hastings"]
[Date "2005.01.01"]
[Round "5"]
[White "Almond, Richard JA"]
[Black "Radovanovic, Jovica"]
[Result "0-1"]
[WhiteElo "2149"]
[BlackElo "2288"]
[PlyCount "46"]
[EventDate "2004.12.28"]
[EventType "swiss"]
[EventCountry "ENG"]

1. d4 Nf6 2. c4 g6 3. Nc3 Bg7 4. e4 O-O 5. e5 Ne8 6. f4 d6 7. Be3 c5 8. Nf3
cxd4 9. Qxd4 Nc6 10. Qd2 Bg4 11. exd6 Nxd6 12. Rd1 Qa5 13. Bd3 Bxf3 14. gxf3
Rad8 15. Qc2 Nb4 16. Qb3 Nxd3+ 17. Rxd3 Nf5 18. Rxd8 Rxd8 19. Bd2 Qa6 20. Ne2
Qe6 21. Qxb7 Nd4 22. Qe4 Qxe4 23. fxe4 Nf3+ {Source: L John Cannon.
Contributed by Brian Denman, 21 February 2022} 0-1

[Event "Hastings Hybrid KO/Open"]
[Site "Hastings"]
[Date "2005.01.01"]
[Round "5"]
[White "Belov, Vladimir"]
[Black "Ziatdinov, Rashid"]
[Result "1-0"]
[WhiteElo "2552"]
[BlackElo "2464"]
[PlyCount "119"]
[EventDate "2004.12.28"]
[EventType "swiss"]
[EventCountry "ENG"]
[SourceTitle "BCM-0004"]
[Source "bcmchess.co.uk"]
[SourceDate "2005.02.07"]
[SourceVersion "1"]
[SourceVersionDate "2005.02.07"]
[SourceQuality "2"]

1. e4 e5 2. Nf3 Nc6 3. Bb5 a6 4. Ba4 Nf6 5. O-O Be7 6. Re1 b5 7. Bb3 d6 8. c3
O-O 9. h3 Nb8 10. d4 Nbd7 11. Nbd2 Bb7 12. Bc2 Re8 13. Nf1 Bf8 14. Ng3 g6 15.
b3 c6 16. Bg5 h6 17. Be3 Qc7 18. Qd2 Kh7 19. Nh2 a5 20. Ng4 Nxg4 21. hxg4 Rad8
22. a4 Nf6 23. Qe2 Bc8 24. g5 Ng4 25. Bd2 exd4 26. cxd4 Bg7 27. Bc3 b4 28. gxh6
Bh8 29. Bb2 c5 30. f3 d5 31. e5 cxd4 32. fxg4 Bxe5 33. Qd3 Bxg3 34. Qxd4 Rg8
35. Rf1 Be6 36. Bd3 Qe7 37. Rf6 Bh4 38. Rf3 Rc8 39. Kh1 Qc5 40. Qe5 Qc7 41. Qd4
Qc5 42. Qe5 Qc7 43. Qe3 Qe7 44. Raf1 Rc7 45. Qf4 Bg5 46. Qe5 Bd2 47. Bd4 Bc3
48. Rf6 Bxd4 49. Qxd4 Rc3 50. R1f3 Qc7 51. g3 Rc1+ 52. Kh2 Re1 53. g5 Qe5 54.
Rxf7+ Bxf7 55. Rxf7+ Kh8 56. Qa7 Re2+ 57. Kh3 Qe6+ 58. Bf5 Qxf5+ 59. Rxf5 gxf5
60. Qf7 1-0

[Event "Hastings Hybrid KO/Open"]
[Site "Hastings"]
[Date "2005.01.01"]
[Round "5"]
[White "Fraser, Joe P"]
[Black "Anderton, Matthew N"]
[Result "0-1"]
[WhiteElo "1897"]
[BlackElo "2233"]
[PlyCount "58"]
[EventDate "2004.12.28"]
[EventType "swiss"]
[EventCountry "ENG"]

1. e4 e6 2. d4 d5 3. Nc3 Bb4 4. e5 c5 5. a3 Bxc3+ 6. bxc3 Qc7 7. Qg4 Ne7 8.
Qxg7 Rg8 9. Qxh7 cxd4 10. Ne2 Nbc6 11. f4 Bd7 12. Qd3 dxc3 13. Rb1 O-O-O 14.
Nxc3 Na5 15. g3 Kb8 16. a4 Nc4 17. Bg2 Rc8 18. Nb5 Bxb5 19. axb5 Qc5 20. Qf3
Nf5 21. c3 Nce3 22. Bxe3 Nxe3 23. Rc1 Nxg2+ 24. Qxg2 Qe3+ 25. Kd1 Rxc3 26. Rxc3
Qxc3 27. Rf1 Rc8 28. Qd2 Qb3+ 29. Ke1 Rc2 {Source: L John Cannon. Contributed
by Brian Denman, 21 February 2022} 0-1

[Event "Hastings Hybrid KO/Open"]
[Site "Hastings"]
[Date "2005.01.01"]
[Round "5"]
[White "Kotronias, Vasilios"]
[Black "Greet, Andrew"]
[Result "1-0"]
[WhiteElo "2599"]
[BlackElo "2362"]
[PlyCount "165"]
[EventDate "2004.12.28"]
[EventType "swiss"]
[EventCountry "ENG"]
[SourceTitle "BCM-0004"]
[Source "bcmchess.co.uk"]
[SourceDate "2005.02.07"]
[SourceVersion "1"]
[SourceVersionDate "2005.02.07"]
[SourceQuality "2"]

1. e4 c5 2. Nf3 Nc6 3. d4 cxd4 4. Nxd4 g6 5. c4 Bg7 6. Be3 Nf6 7. Nc3 O-O 8.
Be2 d6 9. O-O Bd7 10. Qd2 Nxd4 11. Bxd4 Bc6 12. f3 a5 13. b3 Nd7 14. Be3 Nc5
15. Rab1 Qb6 16. Rfc1 Rfc8 17. Rc2 Qb4 18. Qc1 Qb6 19. a3 Qd8 20. Qd2 Qf8 21.
Bf1 h5 22. Nd5 Bxd5 23. exd5 b6 24. g3 Rc7 25. h4 Qc8 26. Kh2 Qf5 27. Qd1 Rb8
28. Rd2 Bc3 29. Bh3 Qf6 30. Bg5 Qg7 31. Re2 Bf6 32. Bf4 b5 33. cxb5 Rxb5 34. b4
Rcb7 35. Bd2 axb4 36. Rxb4 Qf8 37. Qc2 Qa8 38. Qc4 Qa6 39. Bc8 R5b6 40. Bxb7
Qxc4 41. Rxc4 Rxb7 42. Bb4 Nd7 43. Rd2 Ne5 44. Rc8+ Kg7 45. Kg2 Nd7 46. Kf2 Nb8
47. Ke2 Na6 48. Rc4 Kf8 49. Re4 Rc7 50. Ra2 Be5 51. f4 f5 52. fxe5 fxe4 53.
exd6 Rd7 54. dxe7+ Ke8 55. Rd2 Nxb4 56. axb4 Rxe7 57. Ke3 Kd7 58. Rd4 Kd6 59.
Rxe4 Rg7 60. Kd4 g5 61. Re6+ Kd7 62. hxg5 Rxg5 63. Re5 Rxg3 64. Rxh5 Kc7 65.
Rh6 Rg1 66. Kc5 Rc1+ 67. Kb5 Rd1 68. d6+ Kc8 69. Kb6 Rd2 70. b5 Rd1 71. Rh8+
Kd7 72. Ka7 Ra1+ 73. Kb7 Rb1 74. b6 Kxd6 75. Rd8+ Kc5 76. Rc8+ Kb5 77. Rg8 Kc5
78. Rg5+ Kd6 79. Rg2 Rh1 80. Rc2 Rh7+ 81. Kb8 Rh8+ 82. Ka7 Rh1 83. Ra2 1-0

[Event "Hastings Hybrid KO/Open"]
[Site "Hastings"]
[Date "2005.01.01"]
[Round "5"]
[White "Rendle, Thomas"]
[Black "Pavlovic, Milos"]
[Result "0-1"]
[WhiteElo "2303"]
[BlackElo "2481"]
[PlyCount "112"]
[EventDate "2004.12.28"]
[EventType "swiss"]
[EventCountry "ENG"]
[SourceTitle "BCM-0004"]
[Source "bcmchess.co.uk"]
[SourceDate "2005.02.07"]
[SourceVersion "1"]
[SourceVersionDate "2005.02.07"]
[SourceQuality "2"]

1. f4 d5 2. Nf3 Nc6 3. d3 Nf6 4. g3 Bg4 5. Nbd2 e6 6. Bg2 Bd6 7. d4 h5 8. c3 h4
9. Ne5 hxg3 10. hxg3 Rxh1+ 11. Bxh1 Bf5 12. e3 Ke7 13. Bf3 Qh8 14. Qe2 Qh3 15.
Qg2 Rh8 16. Qxh3 Rxh3 17. g4 Bc2 18. Kf2 g5 19. Kg2 Rh4 20. Kg3 Ne4+ 21. Nxe4
dxe4 22. Bg2 Bxe5 23. fxe5 Bd1 24. b3 Rxg4+ 25. Kf2 Kd7 26. Ba3 Bc2 27. Rh1 Rh4
28. Kg3 Rxh1 29. Bxh1 Ne7 30. Bc1 Nf5+ 31. Kh3 Ke8 32. Bg2 f6 33. exf6 Kf7 34.
Bf1 Bd1 35. Bc4 c6 36. b4 b5 37. Bf1 Kxf6 38. c4 a6 39. Bd2 g4+ 40. Kg2 Kg5 41.
cxb5 axb5 42. Kg1 Kh4 43. Bg2 Bc2 44. Bc1 g3 45. Bd2 Kg4 46. Bc1 Bd3 47. Kh1
Nh4 48. Kg1 Nf3+ 49. Kh1 Ng5 50. Kg1 Be2 51. Bb2 Kh4 52. Bc3 Bg4 53. a3 Nf3+
54. Kf1 Bh3 55. Bb2 Kg4 56. Bc3 Nh4 0-1

[Event "Hastings Hybrid KO/Open"]
[Site "Hastings"]
[Date "2005.01.01"]
[Round "5"]
[White "Socko, Bartosz"]
[Black "Howell, David W"]
[Result "1/2-1/2"]
[WhiteElo "2570"]
[BlackElo "2340"]
[PlyCount "48"]
[EventDate "2004.12.28"]
[EventType "swiss"]
[EventCountry "ENG"]
[SourceTitle "BCM-0004"]
[Source "bcmchess.co.uk"]
[SourceDate "2005.02.07"]
[SourceVersion "1"]
[SourceVersionDate "2005.02.07"]
[SourceQuality "2"]

1. g3 e5 2. c4 Nf6 3. Bg2 c6 4. d4 exd4 5. Qxd4 Na6 6. Nc3 Bc5 7. Qd1 O-O 8.
Nf3 d5 9. cxd5 Nb4 10. Bg5 Nbxd5 11. Nxd5 Qxd5 12. Qxd5 Nxd5 13. O-O Re8 14.
Rfc1 Bb6 15. Kf1 Be6 16. a3 h6 17. Bd2 Nf6 18. b4 Bd5 19. Be1 Ne4 20. e3 Bd8
21. Nd4 Bf6 22. Rd1 a5 23. Rac1 axb4 24. axb4 Rad8 1/2-1/2

[Event "Hastings Hybrid KO/Open"]
[Site "Hastings"]
[Date "2005.01.02"]
[Round "6"]
[White "Bluvshtein, Mark"]
[Black "Barsov, Alexei"]
[Result "0-1"]
[WhiteElo "2502"]
[BlackElo "2471"]
[PlyCount "96"]
[EventDate "2004.12.28"]
[EventType "swiss"]
[EventCountry "ENG"]
[SourceTitle "BCM-0004"]
[Source "bcmchess.co.uk"]
[SourceDate "2005.02.07"]
[SourceVersion "1"]
[SourceVersionDate "2005.02.07"]
[SourceQuality "2"]

1. e4 e6 2. d4 d5 3. Nc3 Bb4 4. e5 c5 5. a3 Bxc3+ 6. bxc3 Ne7 7. Qg4 O-O 8. Bd3
f5 9. exf6 Rxf6 10. Bg5 Rf7 11. Qh5 g6 12. Qd1 Qa5 13. Bd2 Nbc6 14. Nf3 Qc7 15.
O-O e5 16. Nxe5 Nxe5 17. dxe5 Qxe5 18. Re1 Qf6 19. Be3 b6 20. Qd2 Nf5 21. Bg5
Qc6 22. Re5 Bb7 23. Rae1 Nd6 24. f3 Re8 25. Rxe8+ Nxe8 26. c4 Nd6 27. Bh6 Qd7
28. cxd5 Bxd5 29. Bxg6 hxg6 30. Qxd5 Nf5 31. Qa8+ Kh7 32. Bg5 Qd4+ 33. Kh1 Nd6
34. h4 Qf2 35. Rd1 Nf5 36. Qe8 Rg7 37. Qf8 Nxh4 38. Rg1 Nf5 39. Bf6 Rg8 40.
Qf7+ Rg7 41. Qc4 Ng3+ 42. Kh2 Ne2 43. Rd1 Qg3+ 44. Kh1 Nf4 45. Rg1 Nh3 46. Rf1
Nf4 47. Rg1 Rd7 48. Qe4 Nh3 0-1

[Event "Hastings Hybrid KO/Open"]
[Site "Hastings"]
[Date "2005.01.02"]
[Round "6"]
[White "Hebden, Mark L"]
[Black "Kotronias, Vasilios"]
[Result "1/2-1/2"]
[WhiteElo "2550"]
[BlackElo "2599"]
[PlyCount "85"]
[EventDate "2004.12.28"]
[EventType "swiss"]
[EventCountry "ENG"]
[SourceTitle "BCM-0004"]
[Source "bcmchess.co.uk"]
[SourceDate "2005.02.07"]
[SourceVersion "1"]
[SourceVersionDate "2005.02.07"]
[SourceQuality "2"]

1. d4 Nf6 2. Nf3 g6 3. Nc3 d5 4. Bf4 Bg7 5. e3 O-O 6. Be2 c5 7. Ne5 Nc6 8. O-O
Qa5 9. Qd2 Nd7 10. Nf3 Nb6 11. a3 Nc4 12. Bxc4 dxc4 13. d5 Rd8 14. Rfd1 Bg4 15.
Qe2 Ne5 16. Bxe5 Bxe5 17. Qxc4 Bxf3 18. gxf3 Rac8 19. f4 Bg7 20. Rab1 Bxc3 21.
bxc3 Qc7 22. Qb5 b6 23. c4 Rd6 24. Rd3 Rcd8 25. Qb2 Qd7 26. f3 Rf6 27. Rf1 Rf5
28. Rf2 h6 29. Rg2 Kh7 30. Rg4 b5 31. Qxb5 Qxb5 32. cxb5 Rfxd5 33. Rxd5 Rxd5
34. f5 gxf5 35. Ra4 c4 36. Rxc4 Rxb5 37. Rc7 Ra5 38. Rxe7 Kg6 39. Rc7 Rxa3 40.
Kf2 a5 41. c3 Ra2+ 42. Kg3 Re2 43. h4 1/2-1/2

[Event "Hastings Hybrid KO/Open"]
[Site "Hastings"]
[Date "2005.01.02"]
[Round "6"]
[White "Howell, David W"]
[Black "Socko, Bartosz"]
[Result "0-1"]
[WhiteElo "2340"]
[BlackElo "2570"]
[PlyCount "94"]
[EventDate "2004.12.28"]
[EventType "swiss"]
[EventCountry "ENG"]
[SourceTitle "BCM-0004"]
[Source "bcmchess.co.uk"]
[SourceDate "2005.02.07"]
[SourceVersion "1"]
[SourceVersionDate "2005.02.07"]
[SourceQuality "2"]

1. e4 e6 2. d4 d5 3. Nd2 Nf6 4. e5 Nfd7 5. f4 c5 6. c3 Nc6 7. Ndf3 cxd4 8. cxd4
f5 9. Bd3 Be7 10. Ne2 Nb6 11. Rg1 Bd7 12. Kf2 a5 13. Nc3 a4 14. g4 O-O 15. a3
Na5 16. Be3 Nac4 17. Qe2 Be8 18. gxf5 exf5 19. Ng5 Qd7 20. Rg2 h6 21. Nh3 Kh8
22. Rag1 Rg8 23. Bc1 Bf7 24. Qf3 Bh4+ 25. Kf1 g6 26. Nf2 Kh7 27. Qh3 Bxf2 28.
Rxf2 Rac8 29. Ne2 Be6 30. Kg2 Na5 31. Bb1 Nb3 32. Ba2 Qb5 33. Nc3 Qa5 34. Qd3
Rc6 35. Be3 Nc4 36. Nxa4 Nxd4 37. b3 Nxe3+ 38. Qxe3 Nc2 39. Qc1 Rgc8 40. Bb1 d4
41. Qb2 d3 42. Kh3 Qa7 43. Rfg2 Qe3+ 44. Rg3 Qxf4 45. Rxg6 Qf3+ 46. R1g3 Qh5+
47. Kg2 Bd5+ 0-1

[Event "Hastings Hybrid KO/Open"]
[Site "Hastings"]
[Date "2005.01.02"]
[Round "6"]
[White "Mansson, James C"]
[Black "Hagesaether, Arne"]
[Result "1-0"]
[WhiteElo "2093"]
[BlackElo "2170"]
[PlyCount "81"]
[EventDate "2004.12.28"]
[EventType "swiss"]
[EventCountry "ENG"]

1. Nf3 d5 2. d4 c6 3. c4 Nf6 4. Nc3 a6 5. c5 Nbd7 6. Bf4 Nh5 7. e3 Nxf4 8. exf4
g6 9. Bd3 Bg7 10. O-O Qc7 11. g3 b6 12. cxb6 Qxb6 13. Na4 Qa7 14. Rc1 Bxd4 15.
Nxd4 Qxd4 16. Rxc6 O-O 17. Be2 Qb4 18. a3 Qa5 19. b4 Qd8 20. Qd4 Bb7 21. Rc2 f6
22. Bf3 e6 23. Rfc1 Kg7 24. Rc7 Rc8 25. Rxc8 Bxc8 26. Qa7 Rf7 27. Qc7 Qxc7 28.
Rxc7 Ne5 29. Rxc8 Nxf3+ 30. Kg2 Nd2 31. Nc5 e5 32. Ra8 d4 33. Rxa6 Kh6 34. Rc6
e4 35. b5 Re7 36. b6 e3 37. fxe3 Rxe3 38. Re6 Nc4 39. Rxe3 dxe3 40. b7 e2 41.
Kf2 {Source: L John Cannon. Contributed by Brian Denman, 21 February 2022} 1-0

[Event "Hastings Hybrid KO/Open"]
[Site "Hastings"]
[Date "2005.01.02"]
[Round "6"]
[White "Pavlovic, Milos"]
[Black "Rendle, Thomas"]
[Result "1-0"]
[WhiteElo "2481"]
[BlackElo "2303"]
[PlyCount "51"]
[EventDate "2004.12.28"]
[EventType "swiss"]
[EventCountry "ENG"]
[SourceTitle "BCM-0004"]
[Source "bcmchess.co.uk"]
[SourceDate "2005.02.07"]
[SourceVersion "1"]
[SourceVersionDate "2005.02.07"]
[SourceQuality "2"]

1. Nf3 f5 2. d4 Nf6 3. Nc3 g6 4. Bg5 Bg7 5. Bxf6 Bxf6 6. e4 e6 7. Qd2 fxe4 8.
Nxe4 b6 9. h4 Bb7 10. Bd3 Nc6 11. h5 Qe7 12. Qf4 O-O 13. Qxc7 d5 14. Nxf6+ Rxf6
15. Qxe7 Nxe7 16. hxg6 hxg6 17. O-O-O Kg7 18. Rde1 Rh8 19. Rxh8 Kxh8 20. Ng5
Rxf2 21. Rxe6 Nc6 22. c3 Rxg2 23. Rxg6 Rf2 24. Rh6+ Kg8 25. Rh7 Ba8 26. Rc7 1-0

[Event "Hastings Hybrid KO/Open"]
[Site "Hastings"]
[Date "2005.01.02"]
[Round "6"]
[White "Ziatdinov, Rashid"]
[Black "Belov, Vladimir"]
[Result "0-1"]
[WhiteElo "2464"]
[BlackElo "2552"]
[PlyCount "56"]
[EventDate "2004.12.28"]
[EventType "swiss"]
[EventCountry "ENG"]
[SourceTitle "BCM-0004"]
[Source "bcmchess.co.uk"]
[SourceDate "2005.02.07"]
[SourceVersion "1"]
[SourceVersionDate "2005.02.07"]
[SourceQuality "2"]

1. e4 c5 2. Nf3 d6 3. d4 cxd4 4. Nxd4 Nf6 5. Nc3 a6 6. Bc4 e6 7. Bb3 Nbd7 8.
O-O Nc5 9. Qf3 Qc7 10. Bg5 Be7 11. Rad1 O-O 12. Rfe1 Bd7 13. Qg3 Kh8 14. Qh4
Nxb3 15. axb3 Rfe8 16. Re3 Ng8 17. Rh3 h6 18. Bxe7 Nxe7 19. Rhd3 b5 20. Nf3 b4
21. e5 Qb8 22. Ne4 Bb5 23. Nxd6 Bxd3 24. Nxe8 Nf5 25. Qf4 Be2 26. Rd2 Bxf3 27.
Nd6 Nxd6 28. exd6 Bd5 0-1

[Event "Hastings Hybrid KO/Open"]
[Site "Hastings"]
[Date "2005.01.03"]
[Round "7"]
[White "Barsov, Alexei"]
[Black "Socko, Bartosz"]
[Result "1/2-1/2"]
[WhiteElo "2471"]
[BlackElo "2570"]
[PlyCount "29"]
[EventDate "2004.12.28"]
[EventType "swiss"]
[EventCountry "ENG"]
[SourceTitle "BCM-0004"]
[Source "bcmchess.co.uk"]
[SourceDate "2005.02.07"]
[SourceVersion "1"]
[SourceVersionDate "2005.02.07"]
[SourceQuality "2"]

1. d4 Nf6 2. c4 e6 3. Nc3 Bb4 4. Qc2 c5 5. dxc5 O-O 6. a3 Bxc5 7. Nf3 b6 8. Bf4
Bb7 9. Rd1 Be7 10. e4 Nh5 11. Be3 Bc5 12. Bg5 Be7 13. Be3 Bc5 14. Bg5 Be7 15.
Be3 1/2-1/2

[Event "Hastings Hybrid KO/Open"]
[Site "Hastings"]
[Date "2005.01.03"]
[Round "7"]
[White "Gormally, Daniel W"]
[Black "Hendriks, Willy"]
[Result "1/2-1/2"]
[WhiteElo "2472"]
[BlackElo "2396"]
[PlyCount "88"]
[EventDate "2004.12.28"]
[EventType "swiss"]
[EventCountry "ENG"]
[SourceTitle "BCM-0004"]
[Source "bcmchess.co.uk"]
[SourceDate "2005.02.07"]
[SourceVersion "1"]
[SourceVersionDate "2005.02.07"]
[SourceQuality "2"]

1. d4 Nf6 2. c4 c5 3. d5 b5 4. Nf3 d6 5. Qc2 e6 6. e4 bxc4 7. dxe6 fxe6 8. Bxc4
d5 9. e5 dxc4 10. exf6 gxf6 11. Qxc4 Ba6 12. Qxe6+ Qe7 13. Qxe7+ Bxe7 14. Nc3
Nc6 15. Be3 O-O-O 16. Nd2 f5 17. O-O-O Nb4 18. g3 Bf6 19. Nb3 Nd3+ 20. Kc2 Bb7
21. Rhg1 Nb4+ 22. Kb1 Bxc3 23. bxc3 Be4+ 24. Kb2 Nd3+ 25. Ka1 Rhe8 26. Nxc5
Nxc5 27. Bxc5 Kb7 28. Bd4 Rd5 29. Rge1 Rb8 30. f3 Bxf3 31. Rb1+ Ka8 32. Rxb8+
Kxb8 33. Re7 h5 34. Bxa7+ Kc8 35. Bd4 Rb5 36. Re5 Rxe5 37. Bxe5 Kd7 38. Kb2 Ke6
39. Bf4 Be2 40. Kb3 Kd5 41. a4 Bf1 42. Bb8 Ba6 43. Kb4 Bf1 44. Ka5 Kc6 1/2-1/2

[Event "Hastings Hybrid KO/Open"]
[Site "Hastings"]
[Date "2005.01.03"]
[Round "7"]
[White "Gwaze, Robert"]
[Black "Hebden, Mark L"]
[Result "1-0"]
[WhiteElo "2409"]
[BlackElo "2550"]
[PlyCount "77"]
[EventDate "2004.12.28"]
[EventType "swiss"]
[EventCountry "ENG"]
[SourceTitle "BCM-0004"]
[Source "bcmchess.co.uk"]
[SourceDate "2005.02.07"]
[SourceVersion "1"]
[SourceVersionDate "2005.02.07"]
[SourceQuality "2"]

1. e4 e5 2. Nf3 Nc6 3. Bc4 Nf6 4. d3 Be7 5. O-O O-O 6. h3 d6 7. a4 Be6 8. Re1
Bxc4 9. dxc4 h6 10. Nbd2 Nh7 11. Nf1 Bg5 12. a5 Bxc1 13. Qxc1 f5 14. exf5 Rxf5
15. Qd1 Qd7 16. a6 Raf8 17. Nh4 Rxf2 18. Ng6 b6 19. Nxf8 Rxf8 20. c3 Ng5 21.
Ne3 e4 22. Qd5+ Kh8 23. Rf1 Re8 24. Qf5 Qd8 25. Nd5 Ne5 26. h4 Ne6 27. Qxe4 Nc5
28. Qf4 Ncd3 29. Qg3 Nxb2 30. Ne3 Qd7 31. Ra2 Ned3 32. Nd5 c6 33. Nf4 Nxf4 34.
Rxf4 Re2 35. Rf8+ Kh7 36. h5 Qe6 37. Qg6+ Qxg6 38. hxg6+ Kxg6 39. Kh2 1-0

[Event "Hastings Hybrid KO/Open"]
[Site "Hastings"]
[Date "2005.01.03"]
[Round "7"]
[White "Kotronias, Vasilios"]
[Black "Zude, Erik"]
[Result "1/2-1/2"]
[WhiteElo "2599"]
[BlackElo "2385"]
[PlyCount "72"]
[EventDate "2004.12.28"]
[EventType "swiss"]
[EventCountry "ENG"]
[SourceTitle "BCM-0004"]
[Source "bcmchess.co.uk"]
[SourceDate "2005.02.07"]
[SourceVersion "1"]
[SourceVersionDate "2005.02.07"]
[SourceQuality "2"]

1. e4 e5 2. Nf3 Nc6 3. Bb5 a6 4. Ba4 d6 5. c3 Nge7 6. d4 Bd7 7. Bb3 h6 8. Nh4
Na5 9. Bc2 g6 10. O-O Bg7 11. f4 exd4 12. cxd4 Nec6 13. Nf3 Nb4 14. Nc3 Nxc2
15. Qxc2 O-O 16. f5 Re8 17. g4 Nc6 18. Qd3 b5 19. h3 Nb4 20. Qd1 c5 21. fxg6
fxg6 22. Be3 c4 23. Qd2 g5 24. Ne1 Nc6 25. a3 Qe7 26. Nc2 Rf8 27. Nb4 Rxf1+ 28.
Rxf1 Rf8 29. Rxf8+ Qxf8 30. Nxc6 Bxc6 31. d5 Bd7 32. Bd4 Bxd4+ 33. Qxd4 Qf3 34.
Kh2 h5 35. Qd2 Kf7 36. Qxg5 Qf2+ 1/2-1/2

[Event "Hastings Hybrid KO/Open"]
[Site "Hastings"]
[Date "2005.01.04"]
[Round "8"]
[White "Hendriks, Willy"]
[Black "Kotronias, Vasilios"]
[Result "1/2-1/2"]
[WhiteElo "2396"]
[BlackElo "2599"]
[PlyCount "102"]
[EventDate "2004.12.28"]
[EventType "swiss"]
[EventCountry "ENG"]
[SourceTitle "BCM-0004"]
[Source "bcmchess.co.uk"]
[SourceDate "2005.02.07"]
[SourceVersion "1"]
[SourceVersionDate "2005.02.07"]
[SourceQuality "2"]

1. e4 c5 2. Nf3 Nc6 3. d4 cxd4 4. Nxd4 Qc7 5. Nc3 e6 6. f4 a6 7. Nxc6 Qxc6 8.
Bd3 b5 9. Qe2 Bb7 10. Bd2 Bc5 11. O-O-O Ne7 12. Rde1 O-O-O 13. Rhf1 f5 14. a3
g6 15. Kb1 Rhe8 16. g4 d5 17. exf5 exf5 18. gxf5 Nxf5 19. Qg4 Qd7 20. h4 Rf8
21. Ne2 Nd6 22. Qxd7+ Rxd7 23. Bb4 Bxb4 24. axb4 Nc4 25. Kc1 Ne3 26. Rf2 d4 27.
Rg1 Nd5 28. h5 gxh5 29. Rh2 Nxb4 30. Rg3 Nxd3+ 31. Rxd3 Be4 32. Rxd4 Bf3 33.
Rxd7 Kxd7 34. Kd2 Rg8 35. Rh3 Bg4 36. Rh4 Ke6 37. Ng3 Rd8+ 38. Ke3 Bd1 39. c3
Rd5 40. Rh1 Bg4 41. Ra1 Rd6 42. Ne4 Rc6 43. Rxa6 Rxa6 44. Nc5+ Kd5 45. Nxa6 Bc8
46. Nb4+ Kc4 47. Nc6 h4 48. Kf2 Kd3 49. Kg1 Bb7 50. Nd4 b4 51. Kh2 bxc3 1/2-1/2

[Event "Hastings Hybrid KO/Open"]
[Site "Hastings"]
[Date "2005.01.04"]
[Round "8"]
[White "Mansson, James C"]
[Black "Huss, Andreas"]
[Result "1-0"]
[WhiteElo "2093"]
[BlackElo "2332"]
[PlyCount "81"]
[EventDate "2004.12.28"]
[EventType "swiss"]
[EventCountry "ENG"]

1. Nf3 Nf6 2. c4 e6 3. Nc3 Bb4 4. Qc2 d5 5. e3 O-O 6. a3 Be7 7. d4 Nbd7 8. Bd3
c5 9. O-O cxd4 10. exd4 dxc4 11. Bxc4 a6 12. Ba2 Qc7 13. Bg5 b5 14. Rac1 Bd6
15. Qe2 Qb6 16. Bb1 Bb7 17. Ne5 h6 18. Nxd7 Nxd7 19. Qd3 f5 20. Be3 Qd8 21. Ba2
Qf6 22. f4 Qg6 23. g3 Rae8 24. Rce1 Nf6 25. d5 e5 26. fxe5 Rxe5 27. Bd4 Rxe1
28. Rxe1 Bc8 29. b4 Ng4 30. Bc5 Qh5 31. Re2 Rf6 32. Qf3 Bd7 33. Bxd6 Rxd6 34.
Qf4 Qg6 35. h3 h5 36. hxg4 hxg4 37. Re6 Rxe6 38. dxe6 Bc6 39. e7+ Kh8 40. Qd2
Qh5 41. Qh2 {Source: 'Sussex Chess 2005'.} 1-0

[Event "Hastings Hybrid KO/Open"]
[Site "Hastings"]
[Date "2005.01.04"]
[Round "8"]
[White "Zude, Erik"]
[Black "Cherniaev, Alexander"]
[Result "1-0"]
[WhiteElo "2385"]
[BlackElo "2509"]
[PlyCount "157"]
[EventDate "2004.12.28"]
[EventType "swiss"]
[EventCountry "ENG"]
[SourceTitle "BCM-0004"]
[Source "bcmchess.co.uk"]
[SourceDate "2005.02.07"]
[SourceVersion "1"]
[SourceVersionDate "2005.02.07"]
[SourceQuality "2"]

1. d4 Nf6 2. c4 c5 3. Nf3 cxd4 4. Nxd4 b6 5. Nc3 Bb7 6. f3 e6 7. e4 d6 8. Be3
a6 9. Be2 Nbd7 10. Rc1 Be7 11. O-O Rc8 12. b4 O-O 13. a3 Re8 14. Kh1 Qc7 15.
Qd2 Qb8 16. Rfd1 Bd8 17. Bg1 Bc7 18. Rb1 Kh8 19. Nb3 Qa8 20. a4 Ne5 21. a5 bxa5
22. bxa5 Bc6 23. Bb6 Bb8 24. Bf2 Red8 25. Qe1 Rg8 26. Be3 Ned7 27. Nd4 Bc7 28.
Ra1 Nc5 29. Rdb1 Nfd7 30. Ndb5 Bb8 31. Qd2 axb5 32. cxb5 Bb7 33. a6 Nb6 34.
axb7 Qxb7 35. Qb2 Rge8 36. Qb4 Qe7 37. Rd1 Qh4 38. g3 Qf6 39. Rac1 h6 40. Kg2
Kg8 41. Bf1 Qe7 42. Ne2 Qf8 43. Bf2 f5 44. exf5 Qxf5 45. Nd4 Qf6 46. Nc6 Nd5
47. Qg4 Bc7 48. Bc4 Ra8 49. Re1 Kh8 50. Bd4 Qf7 51. Re2 Bb6 52. Rce1 Nc7 53. h4
Ra3 54. h5 Rf8 55. f4 Ra4 56. Bxc5 Bxc5 57. Bxe6 Nxe6 58. Rxe6 Qf5 59. Qxf5
Rxf5 60. Rb1 Rf7 61. Ne7 Ra8 62. Kf3 Rb8 63. Ke4 Rxe7 64. Rxe7 d5+ 65. Kxd5
Bxe7 66. b6 Kh7 67. b7 g6 68. hxg6+ Kxg6 69. Kc6 Kf5 70. Kc7 Rxb7+ 71. Rxb7 h5
72. Kd7 Bf6 73. Rb5+ Kg4 74. Ke6 Bd8 75. Rb3 Bc7 76. Rd3 Bb8 77. f5 Bxg3 78.
Rd4+ Kg5 79. f6 1-0